000 00691 a2200205 4500
001 OJ-palethnologie-6348
003 FrMaCLE
005 20251214085648.0
007 cu ||||||m||||
008 230605e||||||||xx |||||s|||||||||0|fr|d
024 7 _a10.4000/palethnologie.6348
_2doi
040 _aFR-FrMaCLE
100 1 _aBon, François
245 1 0 _aHalte de chasse en préhistoire :
_bQuelles réalités archéologiques ?.
260 _c2023
540 _aCC-BY-NC-ND-4.0
_uhttps://creativecommons.org/licenses/by-nc-nd/4.0/
700 1 _aCostamagno, Sandrine
700 1 _aValdeyron, Nicolas
856 4 _uhttps://journals.openedition.org/palethnologie/6348
_yHalte de chasse en préhistoire
999 _c31747
_d31747